Kitāb-i sifīd : (Record no. 50956)

MARC details
000 -LEADER
fixed length control field 01511cam a2200337u 4500
001 - CONTROL NUMBER
control field ne 68004155
003 - CONTROL NUMBER IDENTIFIER
control field DLC
005 - DATE AND TIME OF LATEST TRANSACTION
control field 20260227111849.0
008 - FIXED-LENGTH DATA ELEMENTS--GENERAL INFORMATION
fixed length control field 851003s1966 ir bc 000 0 per
010 ## - LIBRARY OF CONGRESS CONTROL NUMBER
LC control number ne 68004155
040 ## - CATALOGING SOURCE
Original cataloging agency DLC
Transcribing agency CarP
Modifying agency DLC
043 ## - GEOGRAPHIC AREA CODE
Geographic area code a-ir---
050 00 - LIBRARY OF CONGRESS CALL NUMBER
Classification number KMH3366.5
Item number .K58 1966
066 ## - CHARACTER SETS PRESENT
Alternate G0 or G1 character set (3
-- (4
245 00 - TITLE STATEMENT
Linkage 880-01
Title Kitāb-i sifīd :
Remainder of title tārīkhchah va matn-i qarārdādhā-yi marbūṭ bih naft-i Īrān.
246 30 - VARYING FORM OF TITLE
Linkage 880-02
Title proper/short title Naft-i Īrān
246 30 - VARYING FORM OF TITLE
Linkage 880-03
Title proper/short title Tārīkhchah va matn-i qarārdādhā-yi marbūṭ bih naft-i Īrān.
260 ## - PUBLICATION, DISTRIBUTION, ETC.
Linkage 880-04
Place of publication, distribution, etc. [Iran] :
Name of publisher, distributor, etc. shirkat-i Millī-i Naft-i Īrān,
Date of publication, distribution, etc. 1344 [1966]
300 ## - PHYSICAL DESCRIPTION
Extent 320 p.
Other physical details col. map, ports.
Dimensions 29 cm.
500 ## - GENERAL NOTE
General note Romanized.
500 ## - GENERAL NOTE
General note ctl: lan-per
650 #0 - SUBJECT ADDED ENTRY--TOPICAL TERM
Topical term or geographic name entry element Petroleum law and legislation
Geographic subdivision Iran.
710 2# - ADDED ENTRY--CORPORATE NAME
Linkage 880-05
Corporate name or jurisdiction name as entry element Shirkat-i Millī-i Naft-i Īrān.
740 0# - ADDED ENTRY--UNCONTROLLED RELATED/ANALYTICAL TITLE
Linkage 880-06
Uncontrolled related/analytical title Tārīkhchah va matn-i qarārdādhā-yi marbūṭ bih naft-i Irān.
880 00 - ALTERNATE GRAPHIC REPRESENTATION
Linkage 245-01/(4/r
a کتاب سفيد :
b تاريخچه و متن قراردادهاى مربوط به نفت ايران.
880 30 - ALTERNATE GRAPHIC REPRESENTATION
Linkage 246-02/(3/r
a نفت ايران
880 30 - ALTERNATE GRAPHIC REPRESENTATION
Linkage 246-03/(3/r
a تاريخچه و متن قراردادهاى مربوط به نفت ايران.
880 ## - ALTERNATE GRAPHIC REPRESENTATION
Linkage 260-04/(3/r
a [اىران] :
b شرکت ملى نفت ايران،
c 1344 [1966].
880 2# - ALTERNATE GRAPHIC REPRESENTATION
Linkage 710-05/(3/r
a شرکت ملى نفت اىران.
880 0# - ALTERNATE GRAPHIC REPRESENTATION
Linkage 740-06/(3/r
a تاريخچه و متن قراردادهاى مربوط به نفت اىران.

No items available.

Powered by Koha